Polimento de rochas ornamentais : (Registro nro. 54680)

Detalles MARC
000 -LEADER
campo de control de longitud fija 02650cam a22005654i 4500
003 - IDENTIFICADOR DE NÚMERO DE CONTROL
campo de control PE-LiUPU
005 - FECHA Y HORA DE LA ÚLTIMA TRANSACCIÓN
campo de control 20250731180149.0
008 - DATOS DE LONGITUD FIJA--INFORMACIÓN GENERAL
campo de control de longitud fija 150706s r 000 0 d
035 ## - NÚMERO DE CONTROL DEL SISTEMA
Número de control de sistema (Sirsi) a52087
040 ## - FUENTE DE CATALOGACIÓN
Centro catalogador/agencia de origen PE-LiUPU
Lengua de catalogación spa
Centro/agencia transcriptor PE-LiUPU
Normas de descripción rda
049 ## - FONDOS LOCALES (OCLC)
Biblioteca depositaria PRUA
082 04 - NÚMERO DE LA CLASIFICACIÓN DECIMAL DEWEY
Número de clasificación 553.52
Cutter L69
Número de edición 21
100 1# - ENTRADA PRINCIPAL--NOMBRE DE PERSONA
Nombre de persona Lyrio da Silveira, Leonardo,
Término indicativo de función/relación autor.
245 10 - MENCIÓN DEL TÍTULO
Título Polimento de rochas ornamentais :
Resto del título um enfoque tribológico ao processo /
Mención de responsabilidad, etc. Leonardo Luiz Da Silveira.
264 #1 - PRODUCCIÓN, PUBLICACIÓN, DISTRIBUCIÓN, FABRICACIÓN Y COPYRIGHT
Producción, publicación, distribución, fabricación y copyright Curitiba :
Nombre del de productor, editor, distribuidor, fabricante Editora Pós Escrito,
Fecha de producción, publicación, distribución, fabricación o copyright 2008.
300 ## - DESCRIPCIÓN FÍSICA
Extensión 203 páginas :
Otras características físicas ilustraciones ;
Dimensiones 26 cm.
336 ## - TIPO DE CONTENIDO
Término de tipo de contenido text
Fuente rdacontent
337 ## - TIPO DE MEDIO
Nombre/término del tipo de medio unmediated
Fuente rdamedia
338 ## - TIPO DE SOPORTE
Nombre/término del tipo de soporte volume
Fuente rdacarrier
504 ## - NOTA DE BIBLIOGRAFÍA, ETC.
Nota de bibliografía, etc. Incluye bibliografía.
505 0# - NOTA DE CONTENIDO CON FORMATO
Nota de contenido con formato Panorama geral do setor -- objetivo -- Revisão bibliográfica -- Brilho -- Propiedade óptica -- A qualidade do brilho de chapas de rocha polida -- Técnicas de medição do brilho em superficies -- Desgaste -- Introdução a tribología -- Tipos de desgaste -- Tipos de abrasivos -- Modelos analíticos do processo agrasivo -- Tecnología de beneficiamiento final -- Caraterizaçã tecnol. de rocha para engeneharia -- Materiais e métodos -- Materiais e metodos -- Materiais rochosos estudados -- Definição do tribossistema -- Resultados e discussões -- Rugosidade das superficies dos materiais estudados -- Medição do brilho dos materiais estudiados -- ensaio de simulação de polimento de rochas SPR -- Tratamento dos dados no equipamento SPR -- Relación de perda de massa de rocha e de abrasivo -- Medição do brilho dos corpos-de-prova ensaiados no equipamento SPR.
526 ## - NOTA DE INFORMACIÓN SOBRE EL PROGRAMA DE ESTUDIO
Nombre del programa Segunda Especialidad En Estadística Aplicada Para Investigación (A Distancia)
526 ## - NOTA DE INFORMACIÓN SOBRE EL PROGRAMA DE ESTUDIO
Nombre del programa Segunda Especialidad En Estadística Aplicada Para Investigación
526 ## - NOTA DE INFORMACIÓN SOBRE EL PROGRAMA DE ESTUDIO
Nombre del programa Odontología
526 ## - NOTA DE INFORMACIÓN SOBRE EL PROGRAMA DE ESTUDIO
Nombre del programa Tecnología Médica En Terapia Física Y Rehabilitación (A Distancia)
526 ## - NOTA DE INFORMACIÓN SOBRE EL PROGRAMA DE ESTUDIO
Nombre del programa Tecnología Médica En Terapia Física Y Rehabilitación (Semipresencial)
526 ## - NOTA DE INFORMACIÓN SOBRE EL PROGRAMA DE ESTUDIO
Nombre del programa Tecnología Médica En Laboratorio Clínico Y Anatomía Patológica
526 ## - NOTA DE INFORMACIÓN SOBRE EL PROGRAMA DE ESTUDIO
Nombre del programa Ingeniería De Ciencia De Datos E Inteligencia Artificial
526 ## - NOTA DE INFORMACIÓN SOBRE EL PROGRAMA DE ESTUDIO
Nombre del programa Ingeniería Ambiental (Semipresencial)
526 ## - NOTA DE INFORMACIÓN SOBRE EL PROGRAMA DE ESTUDIO
Nombre del programa Nutrición humana
526 ## - NOTA DE INFORMACIÓN SOBRE EL PROGRAMA DE ESTUDIO
Nombre del programa Medicina humana
526 ## - NOTA DE INFORMACIÓN SOBRE EL PROGRAMA DE ESTUDIO
Nombre del programa Ingeniería de industrias alimentarias
526 ## - NOTA DE INFORMACIÓN SOBRE EL PROGRAMA DE ESTUDIO
Nombre del programa Ingeniería civil
526 ## - NOTA DE INFORMACIÓN SOBRE EL PROGRAMA DE ESTUDIO
Nombre del programa Ingeniería ambiental
526 ## - NOTA DE INFORMACIÓN SOBRE EL PROGRAMA DE ESTUDIO
Nombre del programa Enfermería
526 ## - NOTA DE INFORMACIÓN SOBRE EL PROGRAMA DE ESTUDIO
Nombre del programa Educación secundaria, especialidad matemática e informática
526 ## - NOTA DE INFORMACIÓN SOBRE EL PROGRAMA DE ESTUDIO
Nombre del programa Educación secundaria, especialidad ambiental, biología y química
596 ## -
-- 1
650 04 - PUNTO DE ACCESO ADICIONAL DE MATERIA--TÉRMINO DE MATERIA
Término de materia o nombre geográfico como elemento de entrada Granitos
Subdivisión general Pulimento.
650 04 - PUNTO DE ACCESO ADICIONAL DE MATERIA--TÉRMINO DE MATERIA
Término de materia o nombre geográfico como elemento de entrada Granitos
Subdivisión general Brillo.
650 04 - PUNTO DE ACCESO ADICIONAL DE MATERIA--TÉRMINO DE MATERIA
Término de materia o nombre geográfico como elemento de entrada Granitos
Subdivisión general Aspereza.
700 1# - ENTRADA AGREGADA--NOMBRE PERSONAL
Nombre de persona Díaz, Roger,
Término indicativo de función/relación ed.
700 1# - ENTRADA AGREGADA--NOMBRE PERSONAL
Nombre de persona Morón, Eduardo,
Término indicativo de función/relación ed.
910 ## - DATOS DE OPCIÓN DEL USUARIO (OCLC)
Datos de opción del usuario gl
-- bd
-- 20130514
942 ## - ELEMENTOS DE ENTRADA SECUNDARIOS (KOHA)
Fuente del sistema de clasificación o colocación Clasificación Decimal Dewey
Tipo de ítem Koha
949 ## - PROCESAMIENTO DE INFORMACIÓN LOCAL (OCLC)
a 553.52 L69
w DEWEY
c 1
i 66519
l CCODEBUL1
m BUL
p 19.00
r 0
s Y
t LIBRO
u 2015-07-06
x BIBLIOTECA
z UNKNOWN
o .STAFF. Colección General
994 ## -
-- C0
-- PEPRU
999 ## - NÚMEROS DE CONTROL DE SISTEMA (KOHA)
-- DEWEY
-- 66519
-- 2021-11-5
-- 7
-- CCODEBUL1
-- BUL
-- 19.00
-- 0
-- N
-- BOOK
-- 2015-7-6
-- BIBLIOTECA
-- UNKNOWN
-- COMPRA
-- .STAFF. Colección General
980 ## - EQUIVALENCIA O REFERENCIA-CRUZADA-MENCIÓN DE SERIE--NOMBRE DE PERSONA/TÍTULO [LOCAL, CANADÁ]
ID del último usuario que modificó el registro 1
Nombre del último usuario que modificó el registro ALBERTO SANCHEZ Responsable de Automatización
Existencias
Visto por última vez Número de inventario Total de préstamos Signatura topográfica completa Código de barras Copia número Coste, precio de reemplazo Fecha de reemplazo Facultad Tipo de ítem Koha Nota pública Estado de pérdida Fuente del sistema de clasificación o colocación Restricciones de uso No para préstamo Colección Programa académico Biblioteca de origen Biblioteca actual Ubicación en estantería Fecha de adquisición Fuente de adquisición Coste, precio normal de compra
2025-12-02 8   553.52 L69 66519 e1 24.00 2015-07-06 FIA Libros físicos inventario-2023-12-13 No Perdido Clasificación Decimal Dewey No restringido Disponible para préstamos Colección General Ingeniería ambiental Biblioteca CRAI UPeU Lima Biblioteca CRAI UPeU Lima Sala principal 2015-07-06 COMPRA 19.00